Studies in Slavic and general linguistics
| Formato: | Electrónico Seriadas |
|---|---|
| Lenguaje: | inglés alemán polaco ruso |
| Publicado: |
Amsterdam :
Rodopi,
1980-
|
| Materias: | |
| Acceso en línea: | Full text available from Research Library: 01/01/2008 to 12/31/2009 Full text available from Research Library: 01/01/2011 to 01/31/2011 |
MARC
| LEADER | 00000nas a2200000 a 4500 | ||
|---|---|---|---|
| 001 | ssj0000568054 | ||
| 003 | WaSeSS | ||
| 005 | 20200512172242.0 | ||
| 006 | m d | ||
| 007 | cr n | ||
| 008 | 050614c19809999ne ar m s 0 0eng c | ||
| 010 | |a 2013221136 | ||
| 022 | |l 0169-0124 |y 0169-0124 | ||
| 035 | |a (WaSeSS)ssj0000568054 | ||
| 040 | |a OCLCS |b eng |c OCLCS |d OCLCQ |d OCLCE |d EYM |d OCLCQ |d BHA |d OCLCF |d OCLCO |d OCLCQ |d VT2 |d UEJ |d WaSeSS | ||
| 041 | 0 | |a eng |a ger |a pol |a rus | |
| 042 | |a pcc | ||
| 050 | 4 | |a PG1 |b .S82 | |
| 082 | 0 | 4 | |a 491.8/05 |
| 130 | 0 | |a Studies in Slavic and general linguistics (Online) | |
| 245 | 1 | 0 | |a Studies in Slavic and general linguistics |h [electronic resource]. |
| 246 | 1 | 3 | |a SSGL |
| 260 | |a Amsterdam : |b Rodopi, |c 1980- | ||
| 310 | |a Annual | ||
| 362 | 1 | |a Began with v. 1. | |
| 500 | |a Published as an annual journal, 1980; published as a monographic series, 1981- | ||
| 506 | |a License restrictions may limit access. | ||
| 546 | |a English, German, Polish, or Russian. | ||
| 588 | |a Description based on: Vol. 1, published in 1980; title from PDF cover (JSTOR, viewed June 15, 2012). | ||
| 588 | |a Latest issue consulted: Vol. 31, published in 2006 (JSTOR, viewed June 15, 2012). | ||
| 650 | 0 | |a Slavic languages |v Periodicals. | |
| 650 | 0 | |a Slavic languages. | |
| 650 | 0 | |a Linguistics |v Periodicals. | |
| 650 | 0 | |a Linguistics. | |
| 650 | 7 | |a Linguistics. |2 fast |0 (OCoLC)fst00999202 | |
| 650 | 7 | |a Slavic languages. |2 fast |0 (OCoLC)fst01120608 | |
| 653 | |a Slavonic languages |a Linguistics |a Serials | ||
| 655 | 0 | |a Electronic journals. | |
| 776 | 0 | 8 | |i Print version: |t Studies in Slavic and general linguistics |x 0169-0124 |w (DLC) 81641438 |w (OCoLC)7432249 |
| 856 | 4 | 0 | |z Full text available from Research Library: 01/01/2008 to 12/31/2009 |u https://search.proquest.com/publication/76039 |
| 856 | 4 | 0 | |z Full text available from Research Library: 01/01/2011 to 01/31/2011 |u https://search.proquest.com/publication/76039 |